Rock Island and its surroundings, in 1853. (Record no. 52215)
[ view plain ]
| 000 -LEADER | |
|---|---|
| fixed length control field | 00884cam a22002531 4500 |
| 001 - CONTROL NUMBER | |
| control field | rc 01001972 |
| 003 - CONTROL NUMBER IDENTIFIER | |
| control field | DLC |
| 005 - DATE AND TIME OF LATEST TRANSACTION | |
| control field | 20260227111905.0 |
| 007 - PHYSICAL DESCRIPTION FIXED FIELD--GENERAL INFORMATION | |
| fixed length control field | cr_||||||||||| |
| 008 - FIXED-LENGTH DATA ELEMENTS--GENERAL INFORMATION | |
| fixed length control field | 860616s1854 ilu 000 0 eng |
| 010 ## - LIBRARY OF CONGRESS CONTROL NUMBER | |
| LC control number | rc 01001972 |
| 035 ## - SYSTEM CONTROL NUMBER | |
| System control number | (OCoLC)13733190 |
| 040 ## - CATALOGING SOURCE | |
| Original cataloging agency | DLC |
| Transcribing agency | IHi |
| Modifying agency | IHi |
| -- | DLC |
| 050 00 - LIBRARY OF CONGRESS CALL NUMBER | |
| Classification number | F549.R6 |
| Item number | R6 |
| 245 00 - TITLE STATEMENT | |
| Title | Rock Island and its surroundings, in 1853. |
| 260 ## - PUBLICATION, DISTRIBUTION, ETC. | |
| Place of publication, distribution, etc. | Chicago, |
| Name of publisher, distributor, etc. | Democratic Press Steam Print, |
| Date of publication, distribution, etc. | 1854. |
| 300 ## - PHYSICAL DESCRIPTION | |
| Extent | 36 p. |
| Dimensions | 22 cm. |
| 500 ## - GENERAL NOTE | |
| General note | Written by "one of the editors of the Chicago Democratic press" i.e. William Bross or John Locke Scripps. |
| 530 ## - ADDITIONAL PHYSICAL FORM AVAILABLE NOTE | |
| Additional physical form available note | Also available in digital form on the Internet Archive Web site. |
| 651 #0 - SUBJECT ADDED ENTRY--GEOGRAPHIC NAME | |
| Geographic name | Rock Island (Ill.) |
| 700 1# - ADDED ENTRY--PERSONAL NAME | |
| Personal name | Bross, William, |
| Dates associated with a name | 1813-1890. |
| 700 1# - ADDED ENTRY--PERSONAL NAME | |
| Personal name | Scripps, J. L. |
| Fuller form of name | (John Locke), |
| Dates associated with a name | 1818-1866. |
| 856 41 - ELECTRONIC LOCATION AND ACCESS | |
| Uniform Resource Identifier | <a href="http://hdl.loc.gov/loc.gdc/scd0001.00147529892">http://hdl.loc.gov/loc.gdc/scd0001.00147529892</a> |
No items available.